000 01156nam a22003857a 4500
001 0040671
003 KOHA_MİRAKIL
005 20260207003209.0
007 ta
008 130730b2011 tu |||gr||||#0|||0|tur |
020 _a9789754375626
040 _aTR-BiSEU
_btur
_cTR-BiSEU
_erda
041 0 _atur
044 _ctu
050 _aDR491
_b.S45 2011
100 1 _aŞeker, Mehmet.
245 1 _aAnadolu'nun Türkleşmesi ve kültürel hayatı/
_cMehmet Şeker ; Mehmet Şeker.
250 _a2. Basım
264 1 _aİstanbul :
_bÖtüken
_c2011
300 _a312 sayfa ;
_c25 cm
336 _ametin
_btxt
_2rdacontent
337 _aaracısız
_bn
_2rdamedia
338 _acilt
_bnc
_2rdacarrier
490 1 _aÖtüken yayın no ;
_v638.
490 1 _aKültür serisi ;
_v299.
500 _aDizin var.
500 _aKaynakça var.
650 0 _aTürkiye--Uygarlık--Tarih.
_922746
650 0 _aTürkiye--Tarih 1453'e kadar.
_924183
650 0 _aTürkiye--Göç alma ve göç verme--Tarih.
_924184
830 1 _aÖtüken yayın no ;
_v638.
_912230
830 1 _aKültür serisi ;
_v299.
_95523
907 _aTarih
942 _2lcc
_cBK
999 _c40539
_d40539